000 00416nam a2200133Ia 4500
008 211109s9999||||xx |||||||||||||| ||und||
082 _a894.8123
_bKON-D
100 _aKonniyoor R Narandranath,
245 0 _aDeepanalathinu Chuttum Kure Salabhangal
260 _bKerala Granthasala
_aLondon
_c1900
630 _xGeneral Stack
650 _aMalayalam Literature
_vMalayalam fictionLiterature
_xGeneralia
942 _cBOOK
999 _c38087
_d38087